000 00815nam a22002777a 4500
001 BR7100669
003 BR-BrBNA
005 20230928083710.0
007 ta
008 230509b bl.||||| |||| 00| 0 por d
040 _aBR-BrBNA
_bpor
_cBiblioteca Nacional de Agricultura
041 _a(Por)
072 _aL10
_b5212
_b/G514
090 _ 5212 BR7100669
110 1 _aAssociacao do Registro Genealogico Sul Riograndense, Pelotas, RS (Brasil)
_9551
245 1 _aHerd-Book Collares - 1906-1971 [Bovino; Raca; Registro genealogico; Brasil]
260 3 _aPelotas, RS (Brasil):
_c1971.
300 _a64 p.
500 _a14 illus.
650 _aMelhoramento genetico animal
650 _aBovino
650 _aRaca
650 _aRegistro genealogico
909 _a202309
_bLucia
_c55
_dLucia Elande
942 _cBK
999 _c14837
_d14837